| 000 | 00680nam a2200217 a 4500 | ||
|---|---|---|---|
| 005 | 20210219152856.0 | ||
| 008 | 991125n 000 0 u | ||
| 035 | _aUPN01000064642 | ||
| 110 | _aESPAÑA. MINISTERIO DE EDUCACION Y CIENCIA | ||
| 222 |
_aESCUELA ESPAÑOLA : _bREVISTA PROFESIONAL DE EDUCACION |
||
| 245 | _aAprobado el reglamento de escuela de Educación Infantil y de Colegios de Educación Primaria | ||
| 300 | _a15 | ||
| 362 | _a1993 Año 53, no. 3148, jun. 10 | ||
| 440 | 0 | _a951 | |
| 653 | 0 | _aEDUCACION PREESCOLAR | |
| 653 | 0 | _aEDUCACION PRIMARIA | |
| 653 | 0 | _aESPAÑA | |
| 653 | 0 | _aLEGISLACION EDUCATIVA | |
| 904 |
_aAC _b002453 |
||
| 905 | _aArticulo | ||
| 999 |
_c62676 _d62676 |
||